| Поле | Название | Значение |
| |
Тип записи |
a |
| |
Библиографический уровень |
m |
| 001 |
Контрольный номер |
RU\NLR\bibl\1660847 |
| 005 |
Дата корректировки |
20181029144638.0 |
| 010 |
Индекс ISBN |
__ |
| a |
ISBN |
978-5-89355-374-1 |
| d |
Цена |
130-00 |
| 021 |
№ государственной регистрации |
__ |
| a |
Код страны |
RU |
| b |
№ документа |
10-48721 |
| 9 |
№ листа государственной регистрации |
3237 |
| 100 |
Данные общей обработки |
__ |
| a |
Данные общей обработки |
20100803d2010 u y0rusy0189 ca |
| 101 |
Язык документа |
1_ |
| a |
Язык текста |
rus |
| c |
Язык оригинала |
eng |
| 102 |
Страна публикации |
__ |
| a |
Страна публикации |
RU |
| 105 |
Кодированные данные (монография) |
__ |
| a |
Кодированные данные (монография) |
a ||||||||| |
| 200 |
Заглавие и сведения об ответственности |
1_ |
| a |
Заглавие |
Альтернативное лечение |
| e |
Сведения, относящиеся к заглавию |
самые эффективные натуральные средства против 160 заболеваний |
| e |
Сведения, относящиеся к заглавию |
[перевод] |
| f |
Первые сведения об ответственности |
Билл Готлиб |
| 210 |
Выходные данные |
1_ |
| a |
Место издания |
Москва |
| c |
Издательство |
Ридерз Дайджест |
| d |
Дата издания |
2010 |
| 215 |
Физическое описание |
__ |
| a |
Объем |
XVI, 559 c. |
| c |
Иллюстрации/тип воспроизводства |
ил. |
| 225 |
Серия (Журнальная рубрика) |
1_ |
| a |
Серия (Журнальная рубрика) |
Домашний доктор |
| 300 |
Общие примечания |
__ |
| a |
Общие примечания |
На тит. л. и обл.: Билл Готлиб. Автор книги "Новые возможности натуропатии" |
| 330 |
Аннотация |
__ |
| a |
Аннотация |
В книге 300 лучших врачей и специалистов, практикующих альтернативные методы лечения, дают рекомендации, эффективность и безопасность которых проверена ими на собственном опыте. В специальных разделах вы также найдёте краткое описание 22 методик альтернативного лечения и расположения точек акупунктуры. |
| 606 |
Тематические рубрики |
1_ |
| 3 |
Контрольный № нормативной записи |
RU\NLR\auth\66401602 |
| a |
Основная рубрика |
Здравоохранение. Медицинские науки |
| 2 |
Код системы |
nlr_sh |
| 606 |
Тематические рубрики |
__ |
| a |
Основная рубрика |
Общая терапия |
| 610 |
Ключевые слова |
0_ |
| a |
Ключевые слова |
натуропатия |
| a |
Ключевые слова |
альтернативное лечение |
| a |
Ключевые слова |
ароматерапия |
| a |
Ключевые слова |
аутотренинг |
| a |
Ключевые слова |
аюрведическая медицина |
| a |
Ключевые слова |
визуализация |
| a |
Ключевые слова |
витаминно-минеральные добавки |
| a |
Ключевые слова |
водолечение |
| a |
Ключевые слова |
гидротерапия |
| a |
Ключевые слова |
гомеопатия |
| a |
Ключевые слова |
дыхательная терапия |
| a |
Ключевые слова |
йоготерапия |
| a |
Ключевые слова |
магнитотерапия |
| a |
Ключевые слова |
массаж |
| a |
Ключевые слова |
мелотерапия |
| a |
Ключевые слова |
звукотерапия |
| a |
Ключевые слова |
релаксационная терапия |
| a |
Ключевые слова |
рефлексотерапия |
| a |
Ключевые слова |
акупрессура |
| a |
Ключевые слова |
традиционная китайская медицина |
| a |
Ключевые слова |
фитотерапия |
| a |
Ключевые слова |
траволечение |
| a |
Ключевые слова |
цветочные эссенции |
| a |
Ключевые слова |
цигун |
| a |
Ключевые слова |
энергетическое лечение |
| a |
Ключевые слова |
коррекция биополя |
| 686 |
Индексы других классификаций |
__ |
| a |
Индекс ББК |
53.5 |
| 2 |
Код системы |
rubbk |
| 700 |
Автор |
_1 |
| a |
Фамилия |
Готлиб |
| b |
Имя |
Б. |
| g |
Полное личное имя |
Билл |
| 4 |
Код отношения |
070 |
| 801 |
Источник записи |
_0 |
| a |
Страна |
RU |
| b |
Организация |
NLR |
| c |
Дата составления |
20100803 |
| g |
Правила каталогизации |
RCR |
| 801 |
Источник записи |
_1 |
| a |
Страна |
RU |
| b |
Организация |
NLR |
| c |
Дата составления |
20100803 |
| 801 |
Источник записи |
_2 |
| a |
Страна |
RU |
| b |
Организация |
Центральная районная библиотека им. Г. А. Пирожникова |
| c |
Дата составления |
20181029 |
| 852 |
Данные о местонахождении |
__ |
| j |
Шифр хранения |
53.5 |
| i |
Авторский знак |
Г 736 |
| 901 |
Тип документа |
__ |
| t |
Тип документа |
m |
| 902 |
Роль лиц |
__ |
| b |
Редактор БЗ |
ОКиОЛ/Струналь |